A Comparative Study of Animal Idioms in English, German and Slovak bakalárska práca

Salvato in:
Dettagli Bibliografici
Autore principale: Chmelík, Tomáš
Ente Autore: Fakulta aplikovaných jazykov EU v Bratislave. Katedra jazykovedy a translatológie
Altri autori: Adamcová, Silvia, 1984-
Natura: Libro
Lingua:inglese
Pubblicazione: Bratislava 2023
Tags: Aggiungi Tag
Nessun Tag, puoi essere il primo ad aggiungerne!!

MARC

LEADER 00000nbm a2200000 4500
001 0292810
005 20240419090859.5
041 0 |a eng 
044 |a SK 
245 1 0 |a A Comparative Study of Animal Idioms in English, German and Slovak  |b bakalárska práca  |c Tomáš Chmelík ; školiteľ: Silvia Adamcová 
264 1 |a Bratislava  |c 2023 
300 |a 49 s. 
100 1 |a Chmelík, Tomáš 
700 1 |a Adamcová, Silvia, 1984- 
710 2 |a Fakulta aplikovaných jazykov EU v Bratislave. Katedra jazykovedy a translatológie